Five Biggest First Cities by Continent - Statistics

General Stats
  • This quiz has been taken 4,421 times
  • The average score is 22 of 30
Answer Stats
Continent Population City % Correct
Europe 11.4 mil Paris
96%
Europe 14.7 mil London
95%
North America 22.4 mil New York City
94%
Europe 17.2 mil Moscow
93%
Oceania 5.20 mil Sydney
92%
Africa 20.5 mil Cairo
91%
North America 22.8 mil Mexico City
91%
Asia 40.2 mil Tokyo
91%
Europe 6.45 mil Madrid
86%
Africa 18.8 mil Lagos
84%
South America 16.3 mil Buenos Aires
83%
Asia 29.4 mil Delhi
83%
South America 22.2 mil Sao Paulo
83%
Africa 13.7 mil Johannesburg
79%
Oceania 1.49 mil Auckland
78%
South America 9.80 mil Bogota
78%
South America 9.90 mil Lima
78%
North America 7.35 mil Toronto
78%
Asia 30.6 mil Jakarta
75%
South America 7.20 mil Santiago
73%
Europe 10.3 mil Istanbul
70%
Asia 45.6 mil Guangzhou
69%
Africa 12.0 mil Kinshasa
66%
Asia 25.2 mil Manila
63%
North America 3.15 mil Guatemala City
58%
Oceania 364,145 Port Moresby
53%
North America 3.90 mil Santo Domingo
44%
Oceania 172,399 Suva
44%
Africa 7.90 mil Luanda
43%
Oceania 84,520 Honiara
29%
No matching quizzes found
Score Distribution
Percent of People with Each Score
Percentile by Number Answered
Your Score History
You have not taken this quiz